Statistics for Famous People Born in Virginia

Click here to take the quiz!

General Stats

  • This quiz has been taken 111 times
  • The average score is 8 of 16

Answer Stats

DescriptionFamous PersonBirth City% Correct
1st presidentGeorge WashingtonBridges Creek
78%
4th presidentJames MadisonPort Conway
70%
17th century Powhatan woman, Disney characterPocahontasGloucester County
70%
3rd presidentThomas JeffersonShadwell
67%
5th presidentJames MonroeMonroe Hall
65%
Actress of Minions and The Blind SideSandra BullockArlington
61%
Singer of HappyPharrell WilliamsVirginia Beach
59%
9th president, first to die in officeWilliam Henry HarrisonCharles City County
59%
10th presidentJohn TylerCharles City County
52%
28th presidentWoodrow WilsonStaunton
52%
12th presidentZachary TaylorBarboursville
50%
Former host of Today showKatie CouricArlington
43%
Comedienne/actress of Over the HedgeWanda SykesPortsmouth
37%
Actor/director of Bonnie & ClydeWarren BeattyRichmond
37%
Comedian, voice of Remy in RatatouillePatton OswaltPortsmouth
22%
American narrator for TeletubbiesRolf SaxonAlexandria
13%

Score Distribution

Percentile by Number Answered

Percent of People with Each Score

Your Score History

You have not taken this quiz